000
00233nam a22000857a 4500
001
1235276
005
20250930120557.0
245
_a
EJDERHACA NASIL KONUŞURSUN
_c
KORKUNÇ GICIK III. HIÇKIDIK
260
_b
GÜNIŞIĞI KİTAPLIĞI YAYINLARI
999
_c
1235276
_d
1235276